000 00975nas a2200277 4500
001 BR9207992
003 BR-BrBNA
005 20231205093051.0
007 ta
008 230509b bl.|||p| |||| 00| 00por d
040 _aBR-BrBNA
_bpor
_cBiblioteca Nacional de Agricultura
041 _a(Pt)
072 _aL20; L40
100 1 _aMalaspina, O.
100 1 _aStort, A.C.
100 1 _aBueno, O.C.
245 1 _aAnalise de caracteres morfologicos e comportamentais em abelhas africanizadas, caucasianas e em descendentes dos seus cruzamentos
246 1 _a[External morphological traits and food-gathering behaviour in africanized and caucasian bees!
650 _aABELHA AFRICANA
650 _aMORFOLOGIA ANIMAL
650 _aCOMPORTAMENTO ANIMAL
650 _aCRUZAMENTO ANIMAL
773 0 _tRevista Brasileira de Zoologia (Brazil)
_xISSN 0101-8175
_g(Apr 1989), v. 6(1) p. 63-73
_wBR9207992
909 _a202311
_bLúcia
_c55
_dLúcia Elande
942 _2AGRIS
_n0
_cANA
999 _c136017
_d136017